ការចិញ្ចឹមបង្គាបែបប្រពលវប្បកម្មនៅស្រុកស្មាច់មានជ័យខេត្តកោះកុងឆ្នាំ ១៩៩៥ ១៩៩៦ (Record no. 3634)
[ view plain ]
| 000 -LEADER | |
|---|---|
| fixed length control field | 00596nam a22001577a 4500 |
| 003 - CONTROL NUMBER IDENTIFIER | |
| control field | OSt |
| 005 - DATE AND TIME OF LATEST TRANSACTION | |
| control field | 20151119100643.0 |
| 008 - FIXED-LENGTH DATA ELEMENTS--GENERAL INFORMATION | |
| fixed length control field | 151119b xxu||||| |||| 00| 0 eng d |
| 040 ## - CATALOGING SOURCE | |
| Transcribing agency | RUA |
| 082 ## - DEWEY DECIMAL CLASSIFICATION NUMBER | |
| Classification number | FIS លូ 1995 B158 Or.1 |
| 100 ## - MAIN ENTRY--PERSONAL NAME | |
| 9 (RLIN) | 3909 |
| Personal name | លូ លីឃីម |
| 245 ## - TITLE STATEMENT | |
| Title | ការចិញ្ចឹមបង្គាបែបប្រពលវប្បកម្មនៅស្រុកស្មាច់មានជ័យខេត្តកោះកុងឆ្នាំ ១៩៩៥ ១៩៩៦ |
| 260 ## - PUBLICATION, DISTRIBUTION, ETC. (IMPRINT) | |
| Place of publication, distribution, etc. | Phnom Penh |
| Name of publisher, distributor, etc. | URA |
| Date of publication, distribution, etc. | 1995 |
| 300 ## - PHYSICAL DESCRIPTION | |
| Extent | 74p. |
| Other physical details | ill. |
| Dimensions | 29cm. |
| 942 ## - ADDED ENTRY ELEMENTS (KOHA) | |
| Source of classification or shelving scheme | |
| Koha item type | FIS |
| Price effective from | Date last seen | Permanent Location | Not for loan | Date acquired | Source of classification or shelving scheme | Koha item type | Barcode | Lost status | Damaged status | Shelving location | Withdrawn status | Current Location | Full call number |
|---|---|---|---|---|---|---|---|---|---|---|---|---|---|
| 2015-11-19 | 2015-11-19 | Library Block B | 2015-11-19 | FIS | RUA011061 | B158 | Library Block B | FIS លូ 1995 B158 Or.1 | |||||
| 2015-11-19 | 2015-11-19 | Library Block B | 2015-11-19 | FIS | RUA011493 | B158 | Library Block B | FIS លូ 1995 B158 Or.2 | |||||
| 2015-11-19 | 2015-11-19 | Library Block B | 2015-11-19 | FIS | RUA011932 | B158 | Library Block B | FIS លូ 1995 B158 Or.3 | |||||
| 2015-11-19 | 2015-11-19 | Library Block B | 2015-11-19 | FIS | RUA011360 | B158 | Library Block B | FIS លូ 1995 B158 Or.4 | |||||
| 2015-11-19 | 2015-11-19 | Library Block B | 2015-11-19 | FIS | RUA011069 | B158 | Library Block B | FIS លូ 1995 B158 Or.5 | |||||
| 2015-11-19 | 2015-11-19 | Library Block B | 2015-11-19 | FIS | RUA011356 | B158 | Library Block B | FIS លូ 1995 B158 Or.6 | |||||
| 2015-11-19 | 2015-11-19 | Library Block B | 2015-11-19 | FIS | RUA011928 | B158 | Library Block B | FIS លូ 1995 B158 Or.7 | |||||
| 2015-11-19 | 2015-11-19 | Library Block B | 2015-11-19 | FIS | RUA011135 | B158 | Library Block B | FIS លូ 1995 B158 Or.8 | |||||
| 2015-11-19 | 2015-11-19 | Library Block B | 2015-11-19 | FIS | RUA011063 | B158 | Library Block B | FIS លូ 1995 B158 Or.9 |